[Event "Viking op"]
[Site "Aaland-Stockholm"]
[Date "1997.??.??"]
[Round "?"]
[White "Schandorff, Lars"]
[Black "Ernst, Thomas"]
[Result "1/2-1/2"]
[WhiteElo "2505"]
[BlackElo "2410"]

1.d4 Nf6 2.c4 g6 3.Nc3 d5 4.cxd5 Nxd5 5.e4 Nxc3 6.bxc3 Bg7 7.Be3 c5 8.Qd2 Qa5
9.Rb1 b6 10.Bb5+ Bd7 11.Be2 O-O 12.Rc1 cxd4 13.cxd4 Qxd2+ 14.Kxd2 Nc6 15.Nf3 Rfd8
16.d5 Na5 17.Bd3 e6 18.Rc7 exd5 19.exd5 Bc8 20.Ng5 Rxd5 21.Ke2 Bg4+ 22.f3 Bf5
23.Bxf5 Rxf5 24.g4 Rb5 25.Rd1 Be5 26.Rcd7 Rb2+ 27.R1d2 Rf8 28.Rxa7 Nc4 29.Rxb2 Bxb2
30.Ne4 f5 31.gxf5 gxf5 32.Nd2 Nxe3 33.Kxe3 Bc1 34.Ke2 Rf7 35.Rxf7 Kxf7 36.Nc4 Bf4
37.Nxb6 Bxh2 38.Nd5 Ke6 39.Ne3 Bc7 40.Kf1 Bb6 41.Nxf5 Kxf5 42.Kg2 Kg5  1/2-1/2

[Event "Viking op"]
[Site "Aaland-Stockholm"]
[Date "1997.??.??"]
[Round "?"]
[White "Tella, Jussi"]
[Black "Karlsson, Agust S"]
[Result "1-0"]
[WhiteElo "2375"]
[BlackElo "2335"]

1.d4 Nf6 2.c4 g6 3.Nc3 d5 4.cxd5 Nxd5 5.e4 Nxc3 6.bxc3 Bg7 7.Nf3 O-O 8.Be2 c5
9.Rb1 Nc6 10.d5 Ne5 11.Nxe5 Bxe5 12.Qd2 Qa5 13.Rb3 Rd8 14.c4 Qxd2+ 15.Bxd2 b6
16.f4 Bg7 17.e5 g5 18.O-O g4 19.h3 h5 20.hxg4 hxg4 21.Rg3 f5 22.exf6 Bxf6
23.Bxg4 Bxg4 24.Rxg4+ Kf7 25.Rg3 e6 26.dxe6+ Kxe6 27.Bc3 Bd4+ 28.Bxd4 Rxd4
29.Re3+ Kf6 30.g3 Rxc4 31.Kg2 Rd8 32.Rfe1 Rc2+ 33.Kf3 Rxa2 34.g4 c4 35.g5+ Kf7
36.Re7+ Kg8 37.Rc7 b5 38.f5 Ra3+ 39.Kg4 Ra6 40.f6 Rad6 41.Rg7+ Kh8 42.Rh1+  1-0

[Event "GER-ch U20"]
[Site "Apolda"]
[Date "1997.??.??"]
[Round "6"]
[White "Prusikin, Mikhajlo"]
[Black "Naumann, Alexander"]
[Result "1/2-1/2"]
[WhiteElo "2340"]
[BlackElo "2380"]

1.d4 Nf6 2.c4 g6 3.Nc3 d5 4.cxd5 Nxd5 5.e4 Nxc3 6.bxc3 Bg7 7.Nf3 c5 8.Rb1 O-O
9.Be2 cxd4 10.cxd4 Qa5+ 11.Bd2 Qxa2 12.O-O Bg4 13.Be3 Nc6 14.d5 Ne5 15.Re1 Bxf3  1/2-1/2

[Event "Arco di Trento op1"]
[Site "Arco di Trento"]
[Date "1997.??.??"]
[Round "3"]
[White "Zlochevskij, Alexander"]
[Black "Wohl, Aleksandar H"]
[Result "1/2-1/2"]
[WhiteElo "2425"]
[BlackElo "2425"]

1.d4 Nf6 2.c4 g6 3.Nc3 d5 4.cxd5 Nxd5 5.e4 Nxc3 6.bxc3 Bg7 7.Nf3 O-O 8.Be2 b6
9.Bg5 Bb7 10.Qc2 c5 11.Rd1 cxd4 12.cxd4 h6 13.Be3 Qd6 14.O-O Rc8 15.Qd2 Bxe4
16.Bxh6 Nd7 17.Bxg7 Kxg7 18.Rc1  1/2-1/2

[Event "AUT-chT2S 9697"]
[Site "Austria"]
[Date "1997.??.??"]
[Round "8"]
[White "Perhinig, Robert"]
[Black "Rogulj, Branko"]
[Result "1/2-1/2"]
[WhiteElo "2185"]
[BlackElo "2420"]

1.d4 Nf6 2.c4 g6 3.Nc3 d5 4.cxd5 Nxd5 5.e4 Nxc3 6.bxc3 Bg7 7.Bc4 O-O 8.Ne2 Qd7
9.O-O b6 10.Be3 Bb7 11.f3 Nc6 12.Bb5 a6 13.Bxc6 Qxc6 14.Qb3 e6 15.Rac1 Qb5
16.c4 Qa5 17.e5 Rfd8 18.Rfd1 Bf8 19.Nc3 Qa3 20.Ne4 Bxe4 21.fxe4 a5 22.Qxa3 Bxa3
23.Rc3 Be7 24.a4 Rd7 25.Rcd3 f5 26.exf6 Bxf6 27.e5 Bg7 28.Kf2 Rad8 29.Ke2 h6
30.Bf4 g5 31.Bg3 Bf8 32.Ke3 c6 33.Ke4 Rc8 34.Be1 Rf7 35.Rf3 Be7 36.Rxf7 Kxf7
37.Rb1 Bd8 38.Bd2 Kg6 39.g4 Kg7 40.Rc1 Rb8 41.d5 cxd5+ 42.cxd5 exd5+ 43.Kxd5 b5
44.axb5 Rxb5+ 45.Kd6 Kf7 46.e6+ Ke8 47.Rc8 Rb6+ 48.Kd5 Rb5+ 49.Kc4 Re5 50.Bc3 Rxe6
51.Bxa5 Rd6 52.Kc5 Rd1 53.Rxd8+ Rxd8 54.Bxd8 Kxd8 55.Kd6 Ke8 56.Ke6 h5 57.h3 hxg4
58.hxg4 Kf8 59.Kf6 Kg8 60.Kg6 Kh8 61.Kf7 Kh7 62.Kf6 Kg8  1/2-1/2

[Event "Wch Seniors"]
[Site "Bad Wildbad"]
[Date "1997.??.??"]
[Round "3"]
[White "Perk, Egbert"]
[Black "Schuler, Georg"]
[Result "1-0"]
[WhiteElo "1934"]
[BlackElo "2202"]

1.d4 Nf6 2.c4 g6 3.Nc3 d5 4.cxd5 Nxd5 5.e4 Nxc3 6.bxc3 Bg7 7.Bc4 O-O 8.Ne2 b6
9.O-O Bb7 10.Qc2 Nd7 11.Be3 e6 12.Rac1 Nf6 13.f3 Qd7 14.Rfd1 Kh8 15.Qd2 Ng8
16.Qe1 f5 17.Nf4 Qe7 18.Nxe6 Rfe8 19.Nxg7 Kxg7 20.e5 Nh6 21.d5 f4 22.Bf2 Nf5
23.e6 h5 24.Qe5+ Kh7 25.Qxf4 Rad8 26.Bb3 Rf8 27.Qe5 Rd6 28.c4 c5 29.Bc2 Ba6
30.Bb1 Bc8 31.Be3 Bxe6 32.Bf4 Rfd8 33.Bxf5 gxf5 34.Re1 Qf8 35.dxe6  1-0

[Event "Wch Seniors"]
[Site "Bad Wildbad"]
[Date "1997.??.??"]
[Round "8"]
[White "Krueger, Erich"]
[Black "Vasques, Jose"]
[Result "1-0"]
[WhiteElo "2235"]
[BlackElo "1900"]

1.d4 Nf6 2.c4 g6 3.Nc3 d5 4.cxd5 Nxd5 5.e4 Nxc3 6.bxc3 Bg7 7.Nf3 c5 8.Rb1 O-O
9.Be2 Qc7 10.O-O b6 11.Qb3 Ba6 12.Bxa6 Nxa6 13.Qa3 Qc8 14.Bg5 Re8 15.Rfd1 cxd4
16.cxd4 Qb7 17.d5 Rac8 18.e5 Nc5 19.Qb4 Qd7 20.Qf4 Qf5 21.Qxf5 gxf5 22.Rbc1 f6
23.exf6 exf6 24.Be3 Ne4 25.Rxc8 Rxc8 26.Nd4 Rd8 27.Nxf5 Nc3 28.Rd3 Nxa2 29.Bd2 Bf8
30.d6 a5 31.Be3 Rd7 32.Bxb6 Nb4 33.Rd1 Nc6 34.Bc7 a4 35.f4 a3 36.Ra1 Na7
37.Rxa3 Nb5 38.Ra6 Nxc7 39.dxc7 Rxc7 40.Rxf6 Rc2 41.h4 Rc4 42.h5 Rc7 43.Kh2 Bb4
44.Kh3 Bc3 45.Rc6 Ba5 46.Rxc7 Bxc7 47.Kg4 Kf7 48.Ne3 Bb6 49.Nd5 Bd8 50.Kf5 Ba5
51.g4 h6 52.g5 hxg5 53.fxg5 Bd2 54.Nf4 Bc1 55.h6 Bb2 56.Nh5 Bc3 57.Nf6  1-0

[Event "Wch Seniors"]
[Site "Bad Wildbad"]
[Date "1997.??.??"]
[Round "9"]
[White "Wein, Wolfgang"]
[Black "Wegener, Hans Karl"]
[Result "1-0"]
[WhiteElo "1850"]
[BlackElo "2150"]

1.d4 Nf6 2.c4 d5 3.Nc3 g6 4.cxd5 Nxd5 5.e4 Nxc3 6.bxc3 Bg7 7.Nf3 c5 8.Be3 O-O
9.Rb1 cxd4 10.cxd4 Nc6 11.Qd2 Qa5 12.Qxa5 Nxa5 13.Be2 f5 14.e5 Be6 15.O-O Bxa2
16.Rb2 Bc4 17.Bxc4+ Nxc4 18.Rxb7 Nxe3 19.fxe3 Bh6 20.Re1 e6 21.h4 Rf7 22.Rxf7 Kxf7
23.Kf2 a5 24.Ra1 a4 25.Ke2 a3 26.g3 Kg8 27.Kd3 a2 28.Ng5 Ra3+ 29.Kc4 Bxg5
30.hxg5 h6 31.gxh6 Kh7 32.Kb4 Rxe3 33.Rxa2 Rxg3 34.Ra6 f4 35.Rxe6 Rg5 36.Rf6 Rg4
37.Kc5 Kxh6 38.d5 Kg7 39.d6 Rg5 40.d7  1-0

[Event "Wch Seniors"]
[Site "Bad Wildbad"]
[Date "1997.??.??"]
[Round "10"]
[White "Bagirov, Vladimir"]
[Black "Arkhangelsky, Boris"]
[Result "1/2-1/2"]
[WhiteElo "2495"]
[BlackElo "2405"]

1.d4 Nf6 2.c4 g6 3.Nc3 d5 4.cxd5 Nxd5 5.e4 Nxc3 6.bxc3 Bg7 7.Be3 c5 8.Qd2 cxd4
9.cxd4 Nc6 10.Rd1 Qa5 11.Nf3 O-O 12.Be2 Bg4 13.O-O Qxd2 14.Rxd2 Rfc8 15.Rb1 Na5
16.h3 Bd7  1/2-1/2

[Event "Regionalliga NO9798"]
[Site "Bayern"]
[Date "1997.??.??"]
[Round "?"]
[White "Theisinger, Felix"]
[Black "Hashemi, Abbas"]
[Result "0-1"]
[WhiteElo "2015"]
[BlackElo "2015"]

1.d4 Nf6 2.c4 g6 3.Nc3 d5 4.cxd5 Nxd5 5.e4 Nxc3 6.bxc3 Bg7 7.Bd3 c5 8.Ne2 O-O
9.Be3 cxd4 10.cxd4 Qa5+ 11.Qd2 Qxd2+ 12.Kxd2 Nc6 13.Rab1 Rd8 14.Rhc1 Nxd4
15.Nxd4 Bxd4 16.Rc7 Bxe3+ 17.Kxe3 Kf8 18.Bc4 e6 19.f4 b6 20.g4 Rd7 21.Rxd7 Bxd7
22.Ba6 Bc8 23.Bb5 Bb7 24.Rd1 a6 25.Rd7 Bxe4 26.Kxe4 axb5 27.Ke5 Kg7 28.Rd2 Ra3
29.Rb2 Ra4 30.g5 h6 31.h4 h5 32.Rf2 Rc4 33.Rb2 b4 34.Rb3 Rc2 35.Rxb4 Rxa2
36.Rxb6 Rh2 37.f5 gxf5 38.Rb4 Re2+ 39.Kd6 Re4  0-1

[Event "Regionalliga NO9697"]
[Site "Bayern"]
[Date "1997.??.??"]
[Round "?"]
[White "Franz, Gerhard"]
[Black "Wittmann, Karl"]
[Result "0-1"]
[WhiteElo "2160"]
[BlackElo "2200"]

1.d4 Nf6 2.c4 g6 3.Nc3 d5 4.cxd5 Nxd5 5.e4 Nxc3 6.bxc3 Bg7 7.Bc4 c5 8.Ne2 O-O
9.O-O Nc6 10.Be3 Na5 11.Bd3 c4 12.Bc2 b6 13.Qd2 e6 14.e5 Bb7 15.Ng3 Nc6 16.Ne4 Ne7
17.Bg5 Qc7 18.Nf6+ Kh8 19.Be4 Bxe4 20.Nxe4 Nd5 21.Rfe1 b5 22.Rac1 a5 23.Bf6 Bxf6
24.exf6 Qf4 25.Qxf4 Nxf4 26.Rb1 b4 27.cxb4 axb4 28.Nc5 Rfb8 29.Nd7 Rb7 30.Nc5 Rb5
31.g3 Nd5 32.Rec1 c3 33.a4 Rbb8 34.Rb3 Nxf6 35.Kf1 Nd5 36.Ke2 Ra7 37.Kd3 Kg8
38.Rcb1 Rc8 39.f4 Kf8 40.Ra1 Ke8 41.a5 Rb8 42.Ne4 Rc7 43.Nc5 Ra7 44.a6 Ne7
45.Rab1 Nc6 46.Rd1 Rd8 47.Ke3 Rd5 48.Ne4 Rxd4 49.Rxd4 Nxd4 50.Rb1 c2  0-1

[Event "Regionalliga SW9697"]
[Site "Bayern"]
[Date "1997.??.??"]
[Round "?"]
[White "Tudosa, Daniel"]
[Black "Schuele, Herbert"]
[Result "1-0"]
[WhiteElo "1935"]
[BlackElo "2005"]

1.d4 Nf6 2.c4 g6 3.Nc3 d5 4.cxd5 Nxd5 5.e4 Nxc3 6.bxc3 Bg7 7.Bc4 O-O 8.Be3 c5
9.Ne2 Qc7 10.Rc1 Nc6 11.h4 Rd8 12.h5 Ne5 13.Qb3 cxd4 14.cxd4 Nxc4 15.Rxc4 Qd6
16.Rc5 b6 17.Rd5 Qc7 18.hxg6 hxg6 19.Bf4 e5 20.Rxe5 Qd7 21.Rd5 Qe8 22.Rxd8 Qxd8
23.Qg3 Qe7 24.Qd3 Bb7 25.d5 Re8 26.f3 Qb4+ 27.Bd2 Qa4 28.Qb3 Qd7 29.Bc3 Bxd5
30.Qb2  1-0

[Event "Beersheba 16th"]
[Site "Beersheba"]
[Date "1997.??.??"]
[Round "5"]
[White "Kortschnoj, Viktor"]
[Black "Finkel, Alexander"]
[Result "1-0"]
[WhiteElo "2635"]
[BlackElo "2505"]

1.d4 Nf6 2.c4 g6 3.Nc3 d5 4.cxd5 Nxd5 5.e4 Nxc3 6.bxc3 Bg7 7.Bb5+ c6 8.Ba4 b5
9.Bb3 a5 10.Nf3 O-O 11.O-O c5 12.Rb1 Ba6 13.Re1 Nc6 14.d5 Ne5 15.Bf4 Qd6
16.Nxe5 Bxe5 17.Bxe5 Qxe5 18.Qd2 Rab8 19.f4 Qc7 20.e5 Rfd8 21.Rbd1 c4 22.Bc2 Qc5+
23.Kh1 e6 24.d6 b4 25.f5 exf5 26.Bxf5 bxc3 27.Qg5 Bb5 28.Rc1 Bd7 29.Bxd7 Rxd7
30.Qg4 Rdb7 31.Qe4 c2 32.Qxc2 Rb2 33.Qe4 c3 34.h3 Rd2 35.Rf1 Re8 36.Qf3 Qd5
37.Rxc3 Qxf3 38.Rcxf3 Rxe5 39.Rxf7 Rxd6 40.Rf8+ Kg7 41.R1f7+ Kh6 42.Rh8 Kg5
43.Rhxh7 Re2 44.Rf3 Rxa2 45.h4+ Kg4 46.Kh2 Rad2 47.Rg3+ Kf5 48.Rf7+ Ke6 49.Rg7 Kf5
50.Rg5+ Kf4 51.Rf7+ Ke4 52.Rxa5 R2d5 53.Rxd5 Kxd5 54.Re7 Ra6 55.Kh3 Kd6 56.Re4 Kd5
57.Re3 Ra4 58.Re7  1-0

[Event "BEL-chT9697"]
[Site "BEL"]
[Date "1997.??.??"]
[Round "3"]
[White "Becker, Dieter"]
[Black "Tonoli, Jose"]
[Result "1/2-1/2"]
[WhiteElo "2070"]
[BlackElo "2200"]

1.d4 Nf6 2.c4 g6 3.Nc3 d5 4.cxd5 Nxd5 5.e4 Nxc3 6.bxc3 Bg7 7.Be3 O-O 8.Qd2 c5
9.Nf3 cxd4 10.cxd4 Nc6 11.Rd1 Bg4 12.Be2 Qa5 13.Qxa5 Nxa5 14.O-O Rac8 15.Rc1 Rxc1
16.Rxc1 Rc8 17.Rxc8+ Bxc8 18.d5 b6 19.Nd4 Bd7 20.Ba6 f5 21.exf5 Bxd4 22.Bxd4 Bxf5
23.Be5 Be4 24.Bc8 Bxd5  1/2-1/2

[Event "Benasque op"]
[Site "Benasque"]
[Date "1997.??.??"]
[Round "4"]
[White "Cuesto Busto, Sergio"]
[Black "Berebora, Ferenc"]
[Result "0-1"]
[WhiteElo "2100"]
[BlackElo "2390"]

1.d4 Nf6 2.c4 g6 3.Nc3 d5 4.cxd5 Nxd5 5.e4 Nxc3 6.bxc3 Bg7 7.Be3 c5 8.Rc1 O-O
9.Qd2 Nd7 10.Bd3 e5 11.Ne2 cxd4 12.cxd4 exd4 13.Nxd4 Nf6 14.f3 Ng4 15.fxg4 Bxd4
16.Be2 Bxe3 17.Qxe3 Be6 18.O-O Qa5 19.h4 Rac8 20.h5 Rxc1 21.Rxc1 Qxa2 22.e5 Bd5
23.Kh2 Re8 24.h6 Bc6 25.Bf3 Bxf3 26.Qxf3 Qe6 27.Rc7 Qxe5+ 28.Qg3 Qxg3+ 29.Kxg3 Rb8
30.Kf4 a5 31.Ke5 a4 32.Rc1 a3 33.Ra1 Ra8 34.Kd6 f6 35.Ra2 Kf7 36.Kc7 b5  0-1

[Event "Benasque op"]
[Site "Benasque"]
[Date "1997.??.??"]
[Round "6"]
[White "Ivanov, Sergey"]
[Black "Berebora, Ferenc"]
[Result "1/2-1/2"]
[WhiteElo "2515"]
[BlackElo "2390"]

1.d4 Nf6 2.c4 g6 3.Nc3 d5 4.cxd5 Nxd5 5.e4 Nxc3 6.bxc3 Bg7 7.Nf3 c5 8.Rb1 O-O
9.Be2 Nc6 10.d5 Ne5 11.Nxe5 Bxe5 12.Qd2 e6 13.f4 Bg7 14.c4 b6 15.Bb2 Bxb2
16.Rxb2 Ba6 17.e5 exd5 18.cxd5 Bxe2 19.Kxe2 f6 20.e6 Qd6 21.Kf3 Rad8 22.Rd1 Rfe8
23.Kg3 g5 24.Kf2 gxf4 25.Qc3 Qe5 26.Qxe5 fxe5 27.Rbb1 Kf8 28.Kf3 Ke7 29.Ke4 Kd6
30.Rb3 Rg8 31.Rd2 Rg7 32.Rh3 Rf8 33.Rf2 c4 34.Rh5 f3 35.Rxf3 Rxf3 36.gxf3 c3
37.e7 Kxe7 38.Rxe5+ Kd7 39.Kd3 Rg2 40.Kxc3 Rxh2 41.a4 Rh4 42.a5 bxa5  1/2-1/2

[Event "Berliner Sommer"]
[Site "Berlin"]
[Date "1997.??.??"]
[Round "3"]
[White "Vasilevich, Tatjana"]
[Black "Tseitlin, Mark D"]
[Result "1/2-1/2"]
[WhiteElo "2390"]
[BlackElo "2530"]

1.d4 Nf6 2.c4 g6 3.Nc3 d5 4.cxd5 Nxd5 5.e4 Nxc3 6.bxc3 Bg7 7.Be3 c5 8.Qd2 cxd4
9.cxd4 Nc6 10.Rd1 Bg4 11.f3 Bd7 12.d5 Ne5 13.Bd4 O-O 14.f4 Ng4 15.Bxg7 Kxg7
16.Qd4+ Kg8 17.h3 e5 18.Qd3 Qa5+ 19.Qd2 Qxd2+ 20.Rxd2 Nf6 21.fxe5 Nxe4 22.Rd4 Ng3
23.Rh2 Rac8 24.Bd3 Rc1+ 25.Kf2 Nf5 26.Bxf5 Bxf5 27.g4 Bd7 28.Nf3 Rfc8 29.Rd2 R8c5
30.Ng5 R1c4 31.Rh1 h6 32.Nf3 Rf4 33.Re1 Kf8 34.Kg3 g5 35.e6 fxe6 36.Ne5 Ke8
37.dxe6 Bc6 38.Nxc6 Rxc6 39.e7 Rc3+ 40.Kg2 Rc8 41.Rd6 Rf7 42.Rxh6 Rc2+ 43.Kg3 Rxe7
44.Rxe7+ Kxe7 45.Rh7+ Kf6 46.Rxb7 Rxa2 47.Kf3 Ra5 48.Ke4 Re5+ 49.Kd4 Re7
50.Rb5 a6 51.Ra5 Re6 52.Ra3 Rd6+ 53.Ke4  1/2-1/2

[Event "Berliner Sommer"]
[Site "Berlin"]
[Date "1997.??.??"]
[Round "4"]
[White "Ballo, Emanuel"]
[Black "Wilhelmi, Christian"]
[Result "0-1"]
[WhiteElo "2195"]
[BlackElo "2405"]

1.d4 Nf6 2.c4 g6 3.Nc3 d5 4.cxd5 Nxd5 5.e4 Nxc3 6.bxc3 Bg7 7.Bc4 O-O 8.Ne2 Nc6
9.Ba3 Qd7 10.O-O Rd8 11.Qd2 b6 12.Qe3 Na5 13.Bd3 c5 14.Rad1 Qa4 15.Qc1 Nc4
16.Bxc4 Qxc4 17.dxc5 Ba6 18.Ng3 bxc5 19.Rxd8+ Rxd8 20.Rd1 Rxd1+ 21.Qxd1 Qxc3
22.Bc1 Bd4 23.h4 Qd3 24.Qb3 Qxb3 25.axb3 Bd3 26.Bd2 e5 27.h5 f6 28.hxg6 hxg6
29.Be1 Kf7 30.Kh2 Ke6 31.f3 Be3 32.Nh1 a6 33.Nf2 Bc2 34.Ng4 Bd4 35.b4 c4
36.Nf2 c3 37.g4 Bb1 38.Kg2 c2 39.Bd2 Bc3 40.Bc1 Ba2 41.Nd3 Bc4 42.Nc5+ Kd6
43.Ba3 Kc6  0-1

[Event "Berliner Sommer"]
[Site "Berlin"]
[Date "1997.??.??"]
[Round "5"]
[White "Grabliauskas, Virginijus"]
[Black "Tseitlin, Mark D"]
[Result "1-0"]
[WhiteElo "2445"]
[BlackElo "2530"]

1.d4 Nf6 2.c4 g6 3.Nc3 d5 4.cxd5 Nxd5 5.e4 Nxc3 6.bxc3 Bg7 7.Bb5+ c6 8.Ba4 O-O
9.Ne2 a5 10.O-O b5 11.Bb3 Ba6 12.Be3 Nd7 13.f4 a4 14.Bc2 c5 15.Rb1 Nf6 16.d5 Rc8
17.h3 Qa5 18.Qe1 b4 19.Rf2 Bxe2 20.Qxe2 Nd7 21.e5 bxc3 22.Qb5 Qd8 23.Rff1 Rb8
24.Qxa4 Rb2 25.Rxb2 cxb2 26.Qb5 Nb6 27.Bxc5 Nxd5 28.Qxb2 Qc7 29.Bd4 e6 30.Bb3 Rd8
31.Bxd5 Rxd5 32.Rc1 Qa5 33.Rc8+ Bf8 34.Qb8 Qa3 35.Bf2 Kg7 36.Qb3 Qa5 37.Bh4 Be7
38.Bxe7 Qa7+ 39.Kh2 Qxe7 40.Qb8 Rd2 41.Rh8 Kh6 42.Qg8 f5 43.exf6 Qb7 44.Rxh7+ Qxh7
45.f7  1-0

[Event "Biel op MTO"]
[Site "Biel"]
[Date "1997.??.??"]
[Round "10"]
[White "Sturua, Zurab"]
[Black "Gutman, Lev"]
[Result "1-0"]
[WhiteElo "2585"]
[BlackElo "2475"]

1.d4 Nf6 2.c4 g6 3.Nc3 d5 4.cxd5 Nxd5 5.e4 Nxc3 6.bxc3 Bg7 7.Bb5+ c6 8.Ba4 O-O
9.Ne2 b6 10.Be3 Ba6 11.h4 c5 12.h5 Qc7 13.hxg6 hxg6 14.Rc1 Nc6 15.Nf4 Bc4
16.Nd5 Bxd5 17.exd5 cxd4 18.cxd4 b5 19.Bb3 Qa5+ 20.Kf1 Nb4 21.Qg4 Rfd8 22.d6 Rxd6
23.Qf3  1-0

[Event "SLO-chT (Women)"]
[Site "Bled"]
[Date "1997.??.??"]
[Round "7"]
[White "Orel, Simona"]
[Black "Licina, Anita"]
[Result "0-1"]
[WhiteElo "2040"]
[BlackElo "2170"]

1.d4 Nf6 2.c4 g6 3.Nc3 d5 4.cxd5 Nxd5 5.e4 Nxc3 6.bxc3 Bg7 7.Bc4 Nc6 8.Ne2 O-O
9.Be3 e5 10.Qd2 Na5 11.Bd3 exd4 12.cxd4 c5 13.Rd1 cxd4 14.Nxd4 Bg4 15.f3 Bxd4
16.Bxd4 Qxd4 17.Qxa5 b6 18.Qd2 Be6 19.Bb1 Qc4 20.Kf2 Qc5+ 21.Qd4 Qe7 22.Qd6 Qxd6
23.Rxd6 Rfd8 24.Rhd1 Rxd6 25.Rxd6 Rc8 26.Rd2 Kf8 27.Ke3 Ke7 28.e5 Rc1 29.Rb2 Rc5
30.f4 f6 31.exf6+ Kxf6 32.g3 Bf5 33.Bxf5 Kxf5 34.h3 Rc3+ 35.Kf2 Ra3 36.Re2 h5
37.h4 Kg4 38.Re6 Rxa2+ 39.Ke3 Kf5 40.Re5+ Kf6 41.Kd4 Ra3 42.Rg5 Ra5 43.Re5 Rxe5
44.fxe5+ Ke6 45.Ke4 b5 46.Kf4 b4 47.Kg5 b3 48.Kxg6 b2 49.Kxh5 b1=Q 50.g4 Qh7+
51.Kg5 Qg7+ 52.Kh5 Kxe5 53.g5 Kf5  0-1

[Event "Ciocaltea mem"]
[Site "Bucharest"]
[Date "1997.??.??"]
[Round "2"]
[White "Itkis, Boris"]
[Black "Notkin, Maksim"]
[Result "1/2-1/2"]
[WhiteElo "2440"]
[BlackElo "2515"]

1.d4 Nf6 2.c4 g6 3.Nc3 d5 4.cxd5 Nxd5 5.e4 Nxc3 6.bxc3 Bg7 7.Be3 c5 8.Qd2 Qa5
9.Rb1 b6 10.Bb5+ Bd7 11.Be2 O-O 12.Nf3 Bc6 13.Bd3 Rd8 14.Ke2 e6 15.h4 cxd4
16.cxd4 Qxd2+ 17.Kxd2 Bb7 18.Rhc1 Nc6 19.Rc4 Bf8 20.Bg5 Rdc8 21.Bf6 b5 22.Rc2 Nb4
23.Rxc8 Rxc8 24.Ne5 Nxd3 25.Kxd3 b4 26.f3 a5 27.Nd7 Rc3+ 28.Kd2 Bh6+ 29.Bg5 Bg7
30.Bf6 Bh6+ 31.Bg5 Bg7 32.Bf6 Bxf6 33.Nxf6+ Kg7 34.Nd7 Ba6 35.Nc5 Bc4 36.Rb2 Ra3
37.Nb3 Kf8 38.Nc1 Ke7 39.Rc2 Bf1 40.Ke1 Bb5 41.Rc5 Bd7 42.Kd2 f5 43.e5 h6
44.Kc2 g5 45.hxg5 hxg5 46.Kb1 g4 47.fxg4 fxg4 48.Ne2 Re3 49.Nf4 Re4 50.g3 a4
51.Rc4 Re1+ 52.Kc2 b3+ 53.Kb2 bxa2  1/2-1/2

[Event "Spring op"]
[Site "Budapest"]
[Date "1997.??.??"]
[Round "3"]
[White "Gladischev, Oleg"]
[Black "Szeberenyi, Adam"]
[Result "1-0"]
[WhiteElo "2335"]
[BlackElo "2225"]

1.d4 Nf6 2.c4 g6 3.Nc3 d5 4.cxd5 Nxd5 5.e4 Nxc3 6.bxc3 Bg7 7.Nf3 c5 8.Rb1 O-O
9.Be2 Nc6 10.d5 Bxc3+ 11.Bd2 Bxd2+ 12.Qxd2 Na5 13.h4 Bg4 14.Ng5 Bxe2 15.Kxe2 h6
16.Nh3 e6 17.Qxh6 Qf6 18.Ng5 Rfe8 19.h5 exd5 20.hxg6 fxg6 21.Qh7+ Kf8 22.Qc7 Kg8
23.Rh8+  1-0

[Event "Budapest FS03 IM-A"]
[Site "Budapest"]
[Date "1997.??.??"]
[Round "4"]
[White "Bock, Juergen"]
[Black "Szabo, Zsolt"]
[Result "1-0"]
[WhiteElo "2220"]
[BlackElo "2355"]

1.d4 Nf6 2.c4 g6 3.Nc3 d5 4.cxd5 Nxd5 5.e4 Nxc3 6.bxc3 Bg7 7.Bc4 c5 8.Ne2 O-O
9.O-O Nc6 10.Be3 Qc7 11.Rc1 Rd8 12.Bf4 Qd7 13.d5 Na5 14.Bb3 b5 15.Be3 Nxb3
16.axb3 Qc7 17.c4 b4 18.Nf4 a5 19.Nd3 Bd4 20.Bxd4 cxd4 21.f4 e6 22.Ne5 exd5
23.cxd5 Qb6 24.Rc6 Qa7 25.f5 d3+ 26.Kh1 Qd4 27.Ng4 Ra7 28.Qd2 Kh8 29.Nf6 Kg7
30.Nh5+ Kh8 31.Qh6 Be6 32.f6 Rg8 33.dxe6 d2 34.Qg7+  1-0

[Event "Honved-B"]
[Site "Budapest"]
[Date "1997.??.??"]
[Round "5"]
[White "Wells, Peter K"]
[Black "Ruck, Robert"]
[Result "1/2-1/2"]
[WhiteElo "2495"]
[BlackElo "2450"]

1.d4 Nf6 2.c4 g6 3.Nc3 d5 4.cxd5 Nxd5 5.e4 Nxc3 6.bxc3 Bg7 7.Nf3 c5 8.Rb1 O-O
9.Be2 b6 10.O-O Bb7 11.Qd3 Ba6 12.Qe3 Qc8 13.d5 e6 14.c4 Re8 15.Bb2 exd5
16.Bxg7 Kxg7 17.cxd5 Bxe2 18.Qxe2 f6 19.e5 fxe5 20.Ng5 Kg8 21.f4 exf4 22.Qc4 Qf5
23.d6+ Kh8 24.Qc3+ Kg8 25.Qc4+ Kh8 26.Qc3+ Kg8 27.Qc4+  1/2-1/2

[Event "Budapest FS02 IM-B"]
[Site "Budapest"]
[Date "1997.??.??"]
[Round "5"]
[White "Csatari, Mariann"]
[Black "Szeberenyi, Adam"]
[Result "0-1"]
[WhiteElo "2125"]
[BlackElo "2225"]

1.d4 Nf6 2.c4 g6 3.Nc3 d5 4.cxd5 Nxd5 5.e4 Nxc3 6.bxc3 Bg7 7.Be3 O-O 8.f3 c5
9.Qd2 Nc6 10.d5 Qa5 11.Rc1 Ne5 12.h3 Rd8 13.f4 Nd7 14.c4 Qxd2+ 15.Bxd2 e5
16.g3 Re8 17.Bd3 Nf6 18.fxe5 Nxe4 19.Bxe4 Rxe5 20.Kf2 Rxe4 21.Kf3 Rd4 22.Ke2 Bf5
23.Nf3 Bd3+ 24.Kf2 Rxc4 25.Rxc4 Bxc4 26.Rc1 Bxd5 27.Rxc5 Bxa2  0-1

[Event "Honved"]
[Site "Budapest"]
[Date "1997.??.??"]
[Round "6"]
[White "Baumegger, Siegfried"]
[Black "Horvath, Jozsef"]
[Result "1/2-1/2"]
[WhiteElo "2360"]
[BlackElo "2535"]

1.d4 Nf6 2.c4 g6 3.Nc3 d5 4.cxd5 Nxd5 5.e4 Nxc3 6.bxc3 Bg7 7.Bc4 c5 8.Ne2 Nc6
9.Be3 O-O 10.O-O Bg4 11.f3 Bd7 12.Rb1 Rc8 13.Bd3 Na5 14.d5 e6 15.c4 b5 16.cxb5 exd5
17.exd5 Re8 18.Bf2 Qg5 19.Be4 Nc4 20.Rb3 Nd6 21.Nc3 Be5 22.Re1 Bh3 23.g3 f5
24.Bb1 f4 25.Rxe5 Rxe5 26.Ne4 Nxe4 27.Bxe4 Bf5 28.h4 Qf6 29.gxf4 Re7 30.d6 Rd7
31.Qd5+ Kf8 32.Rd3 c4 33.Rd1 Bxe4 34.fxe4 Qxf4 35.e5 Re8 36.Re1 c3 37.e6 Rxd6
38.Bc5 Qg3+ 39.Kf1 Qf4+ 40.Kg1 Qg4+ 41.Kf1 Qf4+ 42.Kg1 Qg3+ 43.Kf1  1/2-1/2

[Event "Budapest FS06 GM"]
[Site "Budapest"]
[Date "1997.??.??"]
[Round "8"]
[White "Shaked, Tal"]
[Black "Kolbus, Dietmar"]
[Result "1/2-1/2"]
[WhiteElo "2445"]
[BlackElo "2330"]

1.d4 Nf6 2.c4 g6 3.Nc3 d5 4.cxd5 Nxd5 5.e4 Nxc3 6.bxc3 Bg7 7.Be3 c5 8.Qd2 Qa5
9.Rb1 a6 10.Rc1 cxd4 11.cxd4 Qxd2+ 12.Kxd2 O-O 13.Nf3 e6 14.Bc4 Nc6 15.Rhd1 Bd7
16.Ke1 b5 17.Bb3 Na5 18.Rc7 Nxb3 19.Rxd7 Na5 20.Rc1 Nc4 21.Nd2 Nxd2 22.Kxd2 Rfd8
23.Rcc7 Rxd7 24.Rxd7 Bf6 25.Rc7 Kf8 26.Kd3 Ke8 27.g4 Bd8 28.Rc6 Kd7 29.d5 exd5
30.exd5 Bc7 31.h4 Bd6 32.h5 a5 33.Rb6 b4 34.Rb7+ Ke8 35.Ra7 Rxa7 36.Bxa7 a4
37.Kc4 Kd7 38.Be3 Be7 39.Bd2 b3 40.axb3 axb3 41.Kxb3 Bc5 42.f3 Bb6 43.Kc4 Bc7
44.Kd4 Bd6 45.Ke4 Bc7 46.Kd4 Bd6 47.Ke4 Bc7 48.Kd4 Bd6 49.Ke4 Bc7 50.Bf4 Ba5
51.Be5 Bd2 52.Bb2 Bg5 53.Ke5 Be7 54.Bc3 Bd8 55.Bb4 Ke8 56.Bc5 Kd7 57.Bf8 Ke8
58.Bh6 Kd7 59.Bg7 Bg5 60.d6 Ke8 61.Kd5 Kd7 62.Ke5 Ke8 63.f4 Bd8 64.Bh6 Ba5
65.d7+ Kxd7 66.Kf6 Ke8 67.Kg7 gxh5 68.gxh5 f5 69.Kg8 Bd2 70.Bg5 Bc1 71.Kg7 Bd2
72.Bh6 Bc1 73.Kf6 Bd2 74.Ke6 Bc1 75.Kxf5 Kf7 76.Bg5 Bd2 77.Bd8 Bc1 78.Kg5 Bd2  1/2-1/2

[Event "Budapest FS03 IM-B"]
[Site "Budapest"]
[Date "1997.??.??"]
[Round "11"]
[White "Peredy, Ferenc"]
[Black "Ladanyi, Tibor"]
[Result "1-0"]
[WhiteElo "2200"]
[BlackElo "2280"]

1.d4 Nf6 2.c4 g6 3.Nc3 d5 4.cxd5 Nxd5 5.e4 Nxc3 6.bxc3 Bg7 7.Nf3 O-O 8.Rb1 c5
9.Be2 cxd4 10.cxd4 Qa5+ 11.Bd2 Qxa2 12.O-O a5 13.Bg5 a4 14.Re1 h6 15.Bxe7 Re8
16.Qc1 Qe6 17.Bc5 Nd7 18.Bc4 Qg4 19.h3 Qh5 20.Bd6 g5 21.Qa3 g4 22.Rb5 Qg6
23.Nh4 Qf6 24.Rf5 Qxh4 25.Bxf7+ Kh8 26.Bxe8 Nf6 27.Bg3  1-0

[Event "Budapest FS03 IM-A"]
[Site "Budapest"]
[Date "1997.??.??"]
[Round "11"]
[White "Bock, Juergen"]
[Black "Hasangatin, Ramil"]
[Result "0-1"]
[WhiteElo "2220"]
[BlackElo "2490"]

1.d4 Nf6 2.c4 g6 3.Nc3 d5 4.cxd5 Nxd5 5.e4 Nxc3 6.bxc3 Bg7 7.Bc4 O-O 8.Ne2 Nc6
9.O-O e5 10.Ba3 Re8 11.d5 Na5 12.Bd3 b6 13.c4 Nb7 14.c5 Nxc5 15.Bxc5 bxc5
16.Bb5 Bd7 17.Qa4 Bxb5 18.Qxb5 Bf8 19.Rab1 Rb8 20.Qa6 Rb4 21.Nc3 Qb8 22.Nb5 Qb6
23.Qxb6 cxb6 24.Nxa7 Ra8 25.Nc6 Rxb1 26.Rxb1 Rxa2 27.Nxe5 b5 28.g3 c4 29.Kg2 c3
30.Rxb5 c2 31.Nd3 Ra3 32.Rb2 Rxd3 33.Rxc2 f5 34.exf5 gxf5 35.Rc7 Rxd5 36.f4 Bg7
37.Rb7 h5 38.Kh3 Kh7 39.Ra7 Kg6 40.Rb7 Rd2 41.Rb3 Bd4 42.Ra3 Rb2 43.Rd3 Rb4
44.Ra3 Rb5 45.Rd3 Bf6 46.Ra3 Rb2 47.Rd3 Kf7 48.Ra3 Rb6 49.Re3 Rd6 50.Ra3 Ke6
51.Rb3 Bd8 52.Re3+ Kf6 53.Rc3 Bb6 54.Ra3 Rd2 55.Ra6 Rb2 56.Ra3 Ke6 57.Ra1 Bd4
58.Ra5 Rc2 59.Ra3 Kd5 60.Rb3 Ke4 61.Ra3 Bg1 62.Ra4+ Kf3 63.Ra3+ Be3 64.Rb3 Ra2
65.Rb5 Bg1 66.Rb3+ Ke4 67.Rb4+ Kd5 68.Kh4 Rxh2+ 69.Kg5 Rh3 70.Kxf5 Rxg3 71.Rb8 h4
72.Rd8+ Kc4 73.Ke4 Re3+ 74.Kf5 h3 75.Kg4 h2 76.Rh8 Kd5 77.f5 Ke5 78.Re8+ Kf6
79.Rh8 Ra3 80.Kf4 Kg7 81.Rh5 Bb6 82.Kg5 Bd8+ 83.Kg4 Bc7  0-1

[Event "Cannes op 18th"]
[Site "Cannes"]
[Date "1997.??.??"]
[Round "1"]
[White "Renaze, Luc"]
[Black "Jelen, Igor"]
[Result "1/2-1/2"]
[WhiteElo "2320"]
[BlackElo "2405"]

1.d4 Nf6 2.c4 g6 3.Nc3 d5 4.cxd5 Nxd5 5.e4 Nxc3 6.bxc3 Bg7 7.Be3 c5 8.Qd2 Qa5
9.Rc1 cxd4 10.cxd4 Qxd2+ 11.Bxd2 O-O 12.Nf3 Bg4 13.d5 Nd7 14.h3 Bxf3 15.gxf3 Rfc8
16.Rxc8+ Rxc8 17.Bd3 Bc3 18.Ke2 Bxd2 19.Kxd2 Ne5 20.f4 Nxd3 21.Kxd3 Rc5 22.Rb1 b6
23.Rb4 Ra5 24.Rc4 f5 25.a4 fxe4+ 26.Kxe4 Kf7 27.Ke5 Ke8 28.Rc7 Kd8 29.Rb7 h5
30.Ke6 Rxa4 31.Rd7+ Kc8 32.Rxe7 Re4+ 33.Kd6 Rxf4 34.Rxa7 Rxf2 35.Ra8+ Kb7
36.Rg8 Rf3 37.Rg7+ Kc8 38.Rg8+ Kb7 39.Rg7+ Kc8 40.Rg8+  1/2-1/2